00381nam a2200133Ia 4500082001900000245003600019260003700055300001600092504001900108650003000127650003100157650002700188650003200215 a915.40072 SUR- 0aSurvey of research in geography aNew YorkbHumanities Pressc1972 axxiv, 397p. aIncludes index aEconomic geographyvIndia aGeographyvResearchvIndia aHuman geographyvIndia aHistorical geographyvIndia